01513nam a2200361 a 4500001001000000003000500010005001700015008004100032010001100073011001100084040000900095090001000104100005100114245019500165260004100360500006000401502009500461590004100556590004000597590004000637590004000677590004000717650004800757650004100805650003400846650004500880856007000925901000700995942001001002942000601012999001901018952011401037000115993CHAP20220329144556.0190827s2019 mx a sm |||||||spa d a112454 a113426 cCHAP aTesis1 aHernández Jiménez, Miguel Ángel.913671710aComportamiento productivo y óptimos económicos en corderos hampshire alimentados con niveles crecientes con pulpa de cítricos /h[En línea]cpor Miguel Ángel Hernández Jiménez. aChapingo, Méx. :bEl autor,c2019. aPara ver el contenido del material haga clic en la liga aTesis (Ing. en Sistemas Pecuarios) -- UACH. Unidad Regional Universitaria de Zona Áridas aBATCH-UPDb05c20190827lUCH01h1517 aE8697GMMb05c20190827lUCH01h0945 aE8697GMMb05c20190827lUCH01h0948 aE8697GMMb05c20190827lUCH01h1517 aE8697GMMb05c20190827lUCH01h152714aCítricos en alimentación animal.92447614aGanado lanarxAlimentación.94515314aGanado lanarxEngorda.94517514aPulpa de cítricos como forraje.993000 aFinding aiduhttp://10.13.5.2/tesis/sist115993.pdfzTeclea aquí aBK cTESIS n0 c112454d112454 00102local40718TESISaBCbBCd2019-08-27fTESISl0oTesisp116004-10r2019-12-31 00:00:00w2019-08-27yCD